000 01742cam a22004454i 4500
003 PE-LiUPU
005 20250731175637.0
008 150706s r 000 0 d
020 _a0073283169
020 _a9780073283166
035 _a(Sirsi) i9780073283166
040 _aPE-LiUPU
_bspa
_cPE-LiUPU
_erda
049 _aPRUA
082 0 4 _a418.07
_bH37
_221
100 1 _aHelgesen, Marc,
_eautor.
245 1 0 _aPractical english language teaching :
_blistening /
_cMarcHelgesen y Steven Brown.
264 1 _aNew York :
_b McGraw-Hill/Contemporary,
_c2007.
300 _a01 CD-ROM
300 _a184 páginas :
_bilustraciones ;
_c23 centímetros
336 _atext
_2rdacontent
337 _aunmediated
_2rdamedia
338 _avolume
_2rdacarrier
505 0 _aWhat is listening? -- Listening for beginning level learners -- Listening for intermediate level learners -- Listening for advanced level learners -- Key issues in teaching listenilng.
526 _aP145
526 _aP127
526 _aP97
526 _aP35
526 _aP14
526 _aP07
541 _g001-001819;
650 0 4 _aInglés
_xEstudio y enseñanza.
700 1 _aNunan, David,
_eed.
700 1 _aSteven Brown.
910 _a
942 _2ddc
_cBOOK
949 _a418.07 H37
_wDEWEY
_c1
_i62149
_d2016-9-13
_e2016-9-13
_lCCODEBUL1
_mBUL
_n2
_p18.00
_r0
_sY
_tBOOK
_u2015-7-6
_xEDUCACION
_PP20
_0COMPRA
_o.STAFF. Colección General
994 _aC0
_bPEPRU
596 _a1
999 _a418.07 H37
_wDEWEY
_c51238
_i62149
_d51238
_e2016-9-13
_f2021-11-8
_g5
_lCCODEBUL1
_mBUL
_n2
_p18.00
_q1
_r0
_sY
_tBOOK
_u2015-7-6
_xEDUCACION
_PP20
_0COMPRA
_o.STAFF. Colección General
980 _81
_gALBERTO SANCHEZ Responsable de Automatización